| 000 | 00757nam a22002177a 4500 | ||
|---|---|---|---|
| 999 |
_c18931 _d18931 |
||
| 003 | AR-CdUCM | ||
| 008 | 190515b ||||| |||| 00| 0 spa d | ||
| 040 |
_aMUNICIPALIDAD PROVINCIAL DEL CUSCO _cBIBLIOTECA MUNICIPAL DEL CUSCO |
||
| 082 |
_a415 / _bG643 |
||
| 100 |
_aGonzalez Prada, Manuel _9638 |
||
| 245 |
_aOrtometria : _bApuntes para una rítmica / |
||
| 260 |
_aLima : _bUniversidad nacional mayor de San Marcos, _c1977. |
||
| 300 |
_a116 páginas ; _c25 cm. |
||
| 505 | _aContenido : Apuntes para una ritmica -- El rondel -- El rondel de España -- Especies de rondeles... | ||
| 650 |
_aLa ritmica _939853 |
||
| 650 |
_aRondeles _939854 |
||
| 650 |
_aLenguas _913969 |
||
| 700 |
_aEscalante, Victor _923796 |
||
| 942 |
_2ddc _cLIBROS |
||
| 945 | _arcc | ||